000 01189nam a22002057a 4500
999 _c59497
_d59497
003 Ge_BSU
005 20230301114113.0
008 230301s2006 ge ||||| |||| 00| 0 geo d
020 _a9992884444
041 _ageo
080 _a342.553(479.22) მ-91
245 _aმუნიციპალური სამართალი :
_bყველაფერი ადგილობრივი თვითმმართველობის შესახებ : ცვლილებებითა და დამატებებით 2006 წლის 15 იანვრამდე.
264 _aთბილისი :
_b[ბონა კაუზა],
_c2006.
300 _a120 გვ. ;
_b 20 სმ.
490 _aიურისტის ბიბლიოთეკა
653 _aმუნიციპალური სამართალი
653 _aსაქართველოს კანონი ადგილობრივი თვითმმართველობის შესახებ
653 _aსაქართველოს ადმინისტრაციული სამართალი
942 _2udc
_cBK